000 00684nam a2200193Ia 4500
005 20260429112329.0
008 260429s9999||||xx |||||||||||||| ||und||
020 _a9788171191864
041 _aHindi
082 _a928.914
_bSAN
100 _aसांकृत्यायन, राहुल
245 0 _aराहुल वाङ्मय :
_bखंड दो: जीवनी और संस्मरण /
_cराहुल सांकृत्यायन
250 _a5th ed.
260 _aप्रयागराज :
_bराधाकृष्ण प्रकाशन,
_c2025.
300 _a417 p.; hb
440 _vVol. 4
650 _aBiography
942 _cTB
999 _c53530
_d53530